MDQL
is popping MORE tags! Check the
thread
!
Quizzes
Events
Quiz Creation
Community
Videos
Private Events
Remove Ads
Sign In
Join for FREE
Feedback
Dark Mode
Quiz Categories
Sports
Geography
Music
Movies
Television
Just For Fun
Miscellaneous
History
Literature
Language
Science
Gaming
Entertainment
Religion
Holiday
For Kids
Quiz Lab
Recent
Popular Today
Quiz Kudos Today
Editor Picks
Curator Picks
Quizzes by...
Day
Popularity
Type
Ratings
Length
Year
Community
Subscriptions
Recent Discussions
Orange Saloon
Badges
Playlists
Quests
Create
Leaderboards
Showdown
Live 5
Trivia Bingo
Activity
Puzzle Library
Sporcle Events
Private Events
Virtual Trivia
Globe League
Become a Host
Pub Owners
SporcleCon
Opinionation
Our Games
Videos
Blog
Mobile Apps
Partnerships
Remove Ads and Go Orange
Feedback
Gaming
Video Games
Board Games
Card Games
Pokémon
Mario
Nintendo
Minecraft
Console
Toys
Legend of Zelda
Gaming
Video Games
Board Games
Card Games
Pokémon
Mario
Nintendo
Minecraft
Console
Toys
Legend of Zelda
Random Quiz
Search Sporcle
×
Quiz Lab
Quiz Lab
Gaming
Video Games
Type in answers that appear in a list
Type in answers that appear in a list
Classic
Best Score? Go Orange.
Backyard Wrestling Games Rosters Stats
Can you name the Backyard Wrestling Games Rosters?
By
Mr_E
8m
48 Questions
34 Plays
34 Plays
34 Plays
Comments
Comments
Give Quiz Kudos
Give Quiz Kudos
-
- Ratings
hide this ad
Replay
Link that replays current quiz
Next Quiz
Link to next quiz in quiz playlist
You Got
0%
They Got
Avg Score
37%
Avg Friend Score
Upgrade to see
Score Distribution
Jump to the score distribution portion of the page
Score
0/48
Timer
08:00
0
Plays Today
Game
Wrestler
% Correct
Both BYW Games
Violent J
94.1%
Both BYW Games
Shaggy 2 Dope
91.2%
BYW: There Goes the Neighbourhood
New Jack
82.4%
BYW: Don't Try This At Home
Sabu
70.6%
Both BYW Games
Madman Pondo
61.8%
BYW: There Goes the Neighbourhood
Sick Nick Mondo
61.8%
BYW: Don't Try This At Home
M-Dogg20
58.8%
BYW: There Goes the Neighbourhood
Sandman
55.9%
BYW: There Goes the Neighbourhood
John Zandig
55.9%
Both BYW Games
Rude Boy
52.9%
BYW: There Goes the Neighbourhood
Vampiro
52.9%
Both BYW Games
Tylene Buck
50%
Both BYW Games
El Drunko
47.1%
Both BYW Games
Masked Horn Dog
44.1%
BYW: There Goes the Neighbourhood
Sonjay Dutt
44.1%
BYW: There Goes the Neighbourhood
Messiah
44.1%
BYW: There Goes the Neighbourhood
Andrew W.K
44.1%
BYW: There Goes the Neighbourhood
Vic Grimes
41.2%
BYW: There Goes the Neighbourhood
Ruckus
41.2%
BYW: There Goes the Neighbourhood
Supreme
41.2%
BYW: Don't Try This At Home
Monoxide Child
38.2%
BYW: Don't Try This At Home
Evil Dead
35.3%
Both BYW Games
Adrianne Pain
35.3%
BYW: There Goes the Neighbourhood
Tera Patrick
35.3%
Game
Wrestler
% Correct
BYW: There Goes the Neighbourhood
Ryuji Ito
32.4%
BYW: Don't Try This At Home
Kitana Baker
29.4%
BYW: Don't Try This At Home
Jezebel
29.4%
BYW: Don't Try This At Home
Josh Pohibition
26.5%
BYW: Don't Try This At Home
Jamie Madrox
26.5%
BYW: There Goes the Neighbourhood
Sunrise Adams
26.5%
BYW: Don't Try This At Home
Karnage
23.5%
BYW: Don't Try This At Home
Dameon Redd
23.5%
BYW: Don't Try This At Home
Da Bone Doctor
23.5%
BYW: Don't Try This At Home
Josh Asbill
23.5%
BYW: Don't Try This At Home
Gupta
20.6%
BYW: Don't Try This At Home
Sonny D. Chopper
20.6%
BYW: Don't Try This At Home
Sally
20.6%
BYW: Don't Try This At Home
Hernia
20.6%
BYW: There Goes the Neighbourhood
Joe Peterson
20.6%
BYW: Don't Try This At Home
Tom Dub
17.6%
BYW: Don't Try This At Home
El Chicharron
17.6%
BYW: Don't Try This At Home
Ross Lover
17.6%
BYW: Don't Try This At Home
Rosie
17.6%
BYW: There Goes the Neighbourhood
Luke Hadley
17.6%
BYW: There Goes the Neighbourhood
Kelvin Finn
17.6%
BYW: Don't Try This At Home
Commissioner
14.7%
BYW: Don't Try This At Home
Atrocity XXX
11.8%
BYW: Don't Try This At Home
Masked Mike Jackson
8.8%
Quiz Playlist
Details
Report
Send in Message
Add To Playlist
Classic:
Type in answers that appear in a list
Last Updated: Nov 26, 2023
Quiz Scoreboard
CHALLENGE
Sign Up to Join the Scoreboard
Show All
Scores
Hide
Comments
May contain spoilers
Recently Published
Image Sorting: Flags VI
by Barbecue
Geography
2m
Find the 'City' Movie
by crazypaving
Movies
60s
Colored Red Africa Blitz
by spor1
Geography
45s
More to Explore
Quiz From the Vault
Featured Blog Post
14 Easter Pick-up Lines to Find Eggs With
hide this ad
You Might Also Like...
Tags
Video Games Quiz
Backyard
Backyard Sports
gamecube
Playstation
Pro Wrestling
PS2
Wrestling
Wrestling Match
Wrestling Superstar
Wrestling Theme
Xbox
Today's Top Quizzes in Gaming
Browse Gaming
hide this ad
Today's Top Quizzes in Video Games
Browse Video Games
Top Contributed Quizzes in Gaming
1
League of Legends Pro Players by Career/Team History
2
Destiny 2 exotic weapons by perk icons
3
Genshin murder mystery
4
Dead By Daylight Logic Puzzle
5
Genshin Impact Logic Puzzle
6
Valorant Agent Developer Names (Up to Clove)
7
Overwatch 2: Ultimate Ability Icons
8
4x4 Decades: Video Games
9
Who's on the WWE 2K24 Cover?
10
Undertale Logic Puzzle
Explore More
Trending Topics
Kpop
Crossword
NBA
Marvel
Anime
Harry Potter
Disney
Puzzle
Country
WWE
NFL
Song
Pokémon
The Office
Soccer
hide this ad
More By:
Mr_E
Quiz
Plays
Rating
Category
Featured
Created
WWE Attitude Era Roster
2,458
3.40
Sports
Nov 14, 2015
ECW All Time Original Roster
1,955
2.80
Sports
Nov 18, 2015
WWE Ruthless Aggression Era Roster
1,902
2.00
Sports
Nov 17, 2015
WWF Golden Age Legends Roster
1,245
2.29
Sports
Nov 15, 2015
Name all the Movie Slashers
1,220
1.56
Movies
Nov 15, 2015
Go to Creator's Profile
Score Distribution
Quiz Creator Spotlight
Mr_E
Follow
Send a Message
Quizzes Created
-
Created Quiz Play Count
-
More By This Creator
Popular Quizzes Today
1
Colored Red Africa Blitz
2
Find the US States - No Outlines Minefield
3
Find the 'City' Movie
4
5x2 Blitz: Bands
5
The Countries of the World
6
Find the US States
7
Find the Countries of Europe - No Outlines Minefield
8
US States
More Gaming Quizzes
Chess Pieces
Published
Trending Quizzes
Colored Red Europe Blitz I
Colored Red Europe Blitz II
Colored Red Africa Blitz II
Colored Red Europe Blitz III
Colored Red Africa Blitz III
Recently Updated
How Do You Spell That?
pecheneg
Godzilla Movies
pecheneg
Grab Bag: 4-10 Letters
pecheneg
2024 March Madness Bracket
pecheneg
Famous TV Couples
Peacemaker
Champions League XIs: Real Madrid
pecheneg
Largest US Cities 1790-2010
pecheneg
Rides in Walt Disney World
pecheneg
Most Oscar Losses (Acting)
pecheneg
Beyoncé Albums
pecheneg
Trending Topics
Disney
Crossword
Harry Potter
NBA
Marvel
Kpop
Anime
Soccer
Puzzle
The Office
Country
WWE
NFL
Pokémon
Song
Your Account Isn't Verified!
In order to create a playlist on Sporcle, you need to verify the email address you used during registration. Go to your
Sporcle Settings
to finish the process.
Report this User
Report this user for behavior that violates our
Community Guidelines
.
Details:
Send Report
Go to the Sporcle.com Mobile Site →
Comments